| 000 | 01062nam0a22003131 4500 | ||
|---|---|---|---|
| 001 | v19\rc\1297251 | ||
| 005 | 20250618020111.0 | ||
| 035 | _a(NLR Aleph) 004443505 | ||
| 090 |
_a4431037 _c4431037 |
||
| 100 | _a20060306d1863 |||y0rusy50 ca | ||
| 101 | 1 |
_arus _cger |
|
| 102 | _aRU | ||
| 105 | _ay j ||||| | ||
| 200 | 1 |
_aГрамматика польского языка _f[Соч.] Смита, канд. филологии _gПер. с нем. [и предисл.] П.А. Гильтебрандта |
|
| 210 |
_aМосква _cИ. Кольчугин _d1863 |
||
| 215 |
_a176, V с. _d24 |
||
| 700 | 1 |
_aСмит _bК.В. _f1811-1881 _gКаспер Вильгельм |
|
| 702 | 1 |
_aГильтебрандт _bП.А. _f1840-1905 _gПетр Андреевич _4730 _4080 |
|
| 801 | 0 |
_aRU _bNLR _gpsbo |
|
| 801 | 0 |
_aRU _bRuMoRGB _2psbo |
|
| 801 | 1 |
_aRU _bProSoft-M _2rusmarc |
|
| 852 |
_aNLR _j18.61.4.20 |
||
| 899 |
_aRuMoRGB _jM 93/10 |
||
| 899 |
_aRuMoRGB _jU 264/294 |
||
| 899 | _aБАН | ||
| 899 | _aГПИБ | ||
| 899 | _aНБ МГУ | ||
| 942 | _cBOOK | ||
| 980 | _aNB | ||